000 00268nam a22001097a 4500
008 170123b xxu||||| |||| 00| 0 eng d
020 _a9781256549406
041 _aeng
080 _a618.2
245 _aKEISER UNIVERSITY MEDICAL ASSISTING
_cFRAZIER, M.S
942 _2udc
_cBK
999 _c3381
_d3381